[Event "TCh-FRA Top 16 GpB"]
[Site "Chalons en Champagne"]
[Date "2007.02.09"]
[Round "1"]
[White "Fressinet, Laurent"]
[Black "Maze, Sebastien"]
[Result "1/2-1/2"]
[WhiteElo "2646"]
[BlackElo "2506"]
[PlyCount "39"]
[EventDate "2007.02.09"]
[EventType "team"]
[EventRounds "11"]
[EventCountry "FRA"]
[Source "Mark Crowther"]
[SourceDate "2007.02.12"]

1. d4 Nf6 2. Nf3 e6 3. g3 d5 4. Bg2 b5 5. Bg5 Bb7 6. Qd3 a6 7. a4 c5 8. dxc5
Bxc5 9. O-O b4 10. Nbd2 Nbd7 11. c4 bxc3 12. bxc3 O-O 13. c4 h6 14. Be3 a5 15.
Rfc1 Rc8 16. Bxc5 Nxc5 17. Qd4 dxc4 18. Rxc4 Ba6 19. Rc3 Qe7 20. Ne5 1/2-1/2

[Event "TCh-FRA Top 16 GpB"]
[Site "Chalons en Champagne"]
[Date "2007.02.09"]
[Round "1"]
[White "Prie, Eric"]
[Black "Tregubov, Pavel V"]
[Result "0-1"]
[WhiteElo "2516"]
[BlackElo "2613"]
[PlyCount "108"]
[EventDate "2007.02.09"]
[EventType "team"]
[EventRounds "11"]
[EventCountry "FRA"]
[Source "Mark Crowther"]
[SourceDate "2007.02.12"]

1. d4 d5 2. Nf3 c6 3. Bf4 Qb6 4. Qc1 Bf5 5. e3 Nf6 6. c4 e6 7. Nc3 Nbd7 8. h3
Be7 9. c5 Qd8 10. b4 O-O 11. Be2 Ne4 12. O-O Re8 13. Rd1 Bf6 14. Bd3 a5 15. a3
Nxc3 16. Qxc3 Bxd3 17. Rxd3 b5 18. cxb6 Qxb6 19. Bd6 axb4 20. axb4 Qb5 21. Rc1
Nb6 22. Nd2 Na4 23. Qc2 Ra6 24. Ra3 Be7 25. Bxe7 Rxe7 26. Qd3 Qxd3 27. Rxd3 Rb7
28. Rb3 Kf8 29. Nf3 f6 30. Ne1 e5 31. Nd3 e4 32. Nf4 Ke7 33. f3 g5 34. Nh5 exf3
35. gxf3 f5 36. Ng3 Ke6 37. e4 fxe4 38. fxe4 Rab6 39. e5 c5 40. dxc5 Rxb4 41.
Rf3 Rb1 42. Rff1 Rxc1 43. Rxc1 Rc7 44. c6 Kxe5 45. Re1+ Kd6 46. Nf5+ Kxc6 47.
Nd4+ Kb6 48. Re5 Kc5 49. Nb3+ Kb4 50. Nd2 d4 51. Rxg5 d3 52. Rg4+ Kc3 53. Ne4+
Kc2 54. Kf2 Nc3 0-1

[Event "TCh-FRA Top 16 GpB"]
[Site "Chalons en Champagne"]
[Date "2007.02.09"]
[Round "1"]
[White "Pelletier, Yannick"]
[Black "Flear, Glenn C"]
[Result "1-0"]
[WhiteElo "2589"]
[BlackElo "2480"]
[PlyCount "123"]
[EventDate "2007.02.09"]
[EventType "team"]
[EventRounds "11"]
[EventCountry "FRA"]
[Source "Mark Crowther"]
[SourceDate "2007.02.12"]

1. d4 d5 2. c4 e6 3. Nf3 Nf6 4. Nc3 c6 5. Bg5 Nbd7 6. e3 Qa5 7. cxd5 Nxd5 8.
Qd2 N7b6 9. Bd3 Nxc3 10. bxc3 Na4 11. O-O Qxc3 12. Qe2 Qb2 13. Bc2 Qb5 14. Bd3
Qb2 15. Bc2 Qb5 16. Qd1 Nc3 17. Qd2 Bb4 18. Bd3 Qb6 19. a3 Ba5 20. Qc2 h6 21.
Bh4 O-O 22. Be7 Re8 23. Bc5 Qc7 24. Ne5 Rd8 25. Bh7+ Kh8 26. Bg6 fxg6 27. Qxg6
b6 28. Nf7+ Qxf7 29. Qxf7 bxc5 30. dxc5 Ba6 31. Qxe6 Bxf1 32. Rxf1 Rac8 33. Qc4
Nb5 34. g3 Rd5 35. a4 Nc7 36. Rb1 Re8 37. Rb7 Ne6 38. Rxa7 Rxc5 39. Qe4 Nc7 40.
Qf4 Rce5 41. Qf7 Rb8 42. Qd7 Rc5 43. Kg2 Bb6 44. Rb7 Rxb7 45. Qc8+ Kh7 46. Qxb7
Ba5 47. Qa7 Ne6 48. Qe7 Re5 49. Qd6 Bc7 50. Qxc6 Kg6 51. e4 Kf6 52. f4 Rc5 53.
e5+ Ke7 54. Qe4 Ra5 55. h4 Rc5 56. Kh3 Ra5 57. Qb4+ Kf7 58. f5 Nc5 59. e6+ Ke7
60. Qc3 Kd6 61. Qd4+ Kc6 62. e7 1-0

[Event "TCh-FRA Top 16 GpB"]
[Site "Chalons en Champagne"]
[Date "2007.02.09"]
[Round "1"]
[White "Marzolo, Cyril"]
[Black "Apicella, Manuel"]
[Result "0-1"]
[WhiteElo "2472"]
[BlackElo "2534"]
[PlyCount "47"]
[EventDate "2007.02.09"]
[EventType "team"]
[EventRounds "11"]
[EventCountry "FRA"]
[Source "Mark Crowther"]
[SourceDate "2007.02.12"]

1. d4 e6 2. c4 Bb4+ 3. Bd2 a5 4. e4 d5 5. e5 Ne7 6. Nc3 dxc4 7. a3 Bxc3 8. bxc3
b5 9. Rb1 Ba6 10. Qg4 Nf5 11. Bg5 Qd7 12. Be2 Nc6 13. Bf3 Rb8 14. Ne2 b4 15.
axb4 axb4 16. O-O h6 17. Bc1 O-O 18. Ng3 bxc3 19. Bxc6 Qxc6 20. Nh5 Rxb1 21.
Nxg7 Kh8 22. Bxh6 Rxf1+ 23. Kxf1 Nxh6 24. Qd1 0-1

[Event "TCh-FRA Top 16 GpB"]
[Site "Chalons en Champagne"]
[Date "2007.02.09"]
[Round "1"]
[White "Edouard, Romain"]
[Black "Flear, Christine"]
[Result "1-0"]
[WhiteElo "2446"]
[BlackElo "2160"]
[PlyCount "57"]
[EventDate "2007.02.09"]
[EventType "team"]
[EventRounds "11"]
[EventCountry "FRA"]
[Source "Mark Crowther"]
[SourceDate "2007.02.12"]

1. e4 c5 2. Nf3 Nc6 3. d4 cxd4 4. Nxd4 Qb6 5. Nb3 Nf6 6. Nc3 e6 7. Bd3 Bb4 8.
O-O Bxc3 9. bxc3 O-O 10. Bg5 Ne8 11. c4 e5 12. Nc1 d6 13. Ne2 Bg4 14. Be3 Bxe2
15. Qxe2 Qa5 16. Rab1 b6 17. a4 Nc7 18. Kh1 Ne6 19. Bd2 Ncd4 20. Qe1 Qxa4 21.
Bc3 Qd7 22. f4 exf4 23. e5 dxe5 24. Qxe5 Rad8 25. Rbd1 g6 26. Qf6 Qd6 27. Be2
f3 28. Bxf3 Rfe8 29. Bd5 1-0

[Event "TCh-FRA Top 16 GpB"]
[Site "Chalons en Champagne"]
[Date "2007.02.09"]
[Round "1"]
[White "Vernhet, Alexia"]
[Black "Milliet, Sophie"]
[Result "0-1"]
[WhiteElo "1771"]
[BlackElo "2393"]
[PlyCount "54"]
[EventDate "2007.02.09"]
[EventType "team"]
[EventRounds "11"]
[EventCountry "FRA"]
[Source "Mark Crowther"]
[SourceDate "2007.02.12"]

1. d4 d5 2. c4 c6 3. Nc3 Nf6 4. Nf3 a6 5. c5 Nbd7 6. Bf4 Nh5 7. Bd2 Nhf6 8. Qc2
g6 9. e3 Bg7 10. h3 Qc7 11. Bd3 e5 12. dxe5 Nxe5 13. Nxe5 Qxe5 14. Na4 Be6 15.
O-O-O O-O 16. Bc3 Qc7 17. Bd4 Nd7 18. h4 h5 19. Bxg6 fxg6 20. Qxg6 Nf6 21. f4
Bg4 22. Nb6 Rad8 23. Rde1 Ne4 24. Be5 Qf7 25. Qxf7+ Kxf7 26. Bc7 Rde8 27. Na4
Nf2 0-1

[Event "TCh-FRA Top 16 GpB"]
[Site "Chalons en Champagne"]
[Date "2007.02.09"]
[Round "1"]
[White "Tiviakov, Sergei"]
[Black "Bunzmann, Dimitrij"]
[Result "1-0"]
[WhiteElo "2667"]
[BlackElo "2530"]
[PlyCount "123"]
[EventDate "2007.02.09"]
[EventType "team"]
[EventRounds "11"]
[EventCountry "FRA"]
[Source "Mark Crowther"]
[SourceDate "2007.02.12"]

1. e4 e6 2. d4 d5 3. Nd2 Nf6 4. e5 Nfd7 5. c3 c5 6. Bd3 Nc6 7. Ne2 a5 8. f4
cxd4 9. Nxd4 Qb6 10. N2f3 Nc5 11. Bc2 Ne4 12. Rb1 Bc5 13. Be3 O-O 14. O-O Ne7
15. Kh1 Bd7 16. Bg1 Ng6 17. Nd2 Nxd2 18. Qxd2 a4 19. a3 f5 20. exf6 Rxf6 21.
Bxg6 Rxg6 22. f5 Rh6 23. Rbe1 Qd6 24. fxe6 Bxe6 25. Nb5 Qb6 26. Bxc5 Qxb5 27.
Bd4 Qd7 28. Qf4 Rg6 29. Re3 Re8 30. h3 Qf7 31. Kh2 Qxf4+ 32. Rxf4 Bd7 33. Ref3
Rge6 34. Bxg7 d4 35. cxd4 Bc6 36. Rg3 Rg6 37. Bh6 Kh8 38. Rxg6 hxg6 39. Rf2 Re4
40. Bf4 Kh7 41. Be5 Kh6 42. Rc2 Kg5 43. Rc5 Kf5 44. Bh8+ Ke6 45. Rg5 Rh4 46.
Be5 Be4 47. g4 Rh7 48. Bf4 Re7 49. Kg3 Kf7 50. Rc5 Rd7 51. Be3 Bc6 52. h4 Rd5
53. Rxd5 Bxd5 54. Kf4 Ke6 55. Kg5 Be4 56. h5 gxh5 57. gxh5 b5 58. h6 Bc2 59.
d5+ Kxd5 60. Kf6 Kc4 61. Bd2 Kd5 62. Bc3 1-0

[Event "TCh-FRA Top 16 GpB"]
[Site "Chalons en Champagne"]
[Date "2007.02.09"]
[Round "1"]
[White "Legky, Nikolay A"]
[Black "Bacrot, Etienne"]
[Result "0-1"]
[WhiteElo "2461"]
[BlackElo "2705"]
[PlyCount "70"]
[EventDate "2007.02.09"]
[EventType "team"]
[EventRounds "11"]
[EventCountry "FRA"]
[Source "Mark Crowther"]
[SourceDate "2007.02.12"]

1. d4 d5 2. c4 e6 3. Nc3 Bb4 4. cxd5 exd5 5. Nf3 Nf6 6. Qa4+ Nc6 7. Bg5 O-O 8.
e3 h6 9. Bxf6 Qxf6 10. Be2 Rd8 11. O-O a6 12. Ne5 Nxe5 13. Qxb4 Ng6 14. Qc5 c6
15. b4 Nh4 16. Kh1 Re8 17. a4 Bf5 18. Qb6 Re7 19. g3 Bd3 20. Bg4 Bxf1 21. Rxf1
Ng6 22. b5 axb5 23. axb5 Qd6 24. bxc6 bxc6 25. Bf3 Qf6 26. Kg2 Rea7 27. Ne2 Qg5
28. Kg1 Ra6 29. Qc5 Nh4 30. Bh1 Qg4 31. Nf4 Ra1 32. Bg2 Rxf1+ 33. Bxf1 Ra1 34.
Qc3 Qd1 35. Qd3 Nf3+ 0-1

[Event "TCh-FRA Top 16 GpB"]
[Site "Chalons en Champagne"]
[Date "2007.02.09"]
[Round "1"]
[White "Bauer, Christian"]
[Black "Karr, Jean Philippe"]
[Result "1-0"]
[WhiteElo "2609"]
[BlackElo "2403"]
[PlyCount "93"]
[EventDate "2007.02.09"]
[EventType "team"]
[EventRounds "11"]
[EventCountry "FRA"]
[Source "Mark Crowther"]
[SourceDate "2007.02.12"]

1. e4 c5 2. Nf3 Nc6 3. d4 cxd4 4. Nxd4 Nf6 5. Nc3 e5 6. Ndb5 d6 7. Bg5 a6 8.
Na3 b5 9. Bxf6 gxf6 10. Nd5 f5 11. c3 Bg7 12. Bd3 Be6 13. Qh5 O-O 14. O-O f4
15. g4 Kh8 16. Kh1 Rg8 17. g5 f5 18. Rad1 Bxd5 19. g6 h6 20. exd5 Ne7 21. Bxf5
Nxf5 22. Qxf5 Qh4 23. Qe4 Raf8 24. Nb1 Rf6 25. f3 Bf8 26. Rg1 Qh5 27. g7+ Rxg7
28. Rxg7 Bxg7 29. Rg1 Rf5 30. Nd2 Rg5 31. Rxg5 hxg5 32. Qe2 g4 33. fxg4 Qh3 34.
Qf3 Qh4 35. Ne4 Qe1+ 36. Kg2 Qb1 37. g5 Kg8 38. Kh3 Qxa2 39. Nxd6 Qxb2 40. Qg4
Qxc3+ 41. Kh4 Qc2 42. Qe6+ Kh7 43. Qf5+ Qxf5 44. Nxf5 e4 45. d6 e3 46. d7 e2
47. Kh5 1-0

[Event "TCh-FRA Top 16 GpB"]
[Site "Chalons en Champagne"]
[Date "2007.02.09"]
[Round "1"]
[White "Berthelot, Yannick"]
[Black "Lautier, Joel"]
[Result "0-1"]
[WhiteElo "2341"]
[BlackElo "2656"]
[PlyCount "54"]
[EventDate "2007.02.09"]
[EventType "team"]
[EventRounds "11"]
[EventCountry "FRA"]
[Source "Mark Crowther"]
[SourceDate "2007.02.12"]

1. e4 e5 2. Nf3 Nc6 3. d4 exd4 4. Nxd4 Bc5 5. Be3 Qf6 6. c3 Nge7 7. g3 d5 8.
Bg2 dxe4 9. O-O O-O 10. Nd2 Bb6 11. Nxe4 Qg6 12. Re1 Bg4 13. Qa4 Ne5 14. Qb5
Qh5 15. Ng5 N7g6 16. f4 Bxd4 17. Bxd4 Nf3+ 18. Bxf3 Bxf3 19. Re3 Bg4 20. Qxb7
h6 21. Nxf7 Rab8 22. Qxc7 Rxb2 23. h4 Nxh4 24. Nxh6+ Qxh6 25. gxh4 Bf3 26.
Qxg7+ Qxg7+ 27. Bxg7 Rxf4 0-1

[Event "TCh-FRA Top 16 GpB"]
[Site "Chalons en Champagne"]
[Date "2007.02.09"]
[Round "1"]
[White "Fridman, Daniel"]
[Black "Borne, Niels"]
[Result "1-0"]
[WhiteElo "2626"]
[BlackElo "2346"]
[PlyCount "97"]
[EventDate "2007.02.09"]
[EventType "team"]
[EventRounds "11"]
[EventCountry "FRA"]
[Source "Mark Crowther"]
[SourceDate "2007.02.12"]

1. c4 Nf6 2. Nc3 c5 3. g3 e6 4. Nf3 b6 5. Bg2 Bb7 6. O-O a6 7. e3 d5 8. b3 Be7
9. Bb2 O-O 10. Qe2 Nc6 11. d3 Qc7 12. Rac1 dxc4 13. bxc4 Rfd8 14. Rfd1 Rac8 15.
Ba1 Nb8 16. h3 Nbd7 17. Rb1 Ba8 18. e4 Rb8 19. Re1 Bc6 20. e5 Ne8 21. Ne4 h6
22. h4 b5 23. Rbc1 bxc4 24. dxc4 Qb7 25. Nh2 Qc7 26. f4 Nf8 27. Ng4 Ng6 28. h5
Nf8 29. Ngf2 Ba8 30. Kh2 Nh7 31. Rg1 Qd7 32. Bc3 Qa4 33. Bh1 Rd7 34. g4 Qa3 35.
Rb1 Rxb1 36. Rxb1 Rd8 37. Qc2 Nf8 38. g5 hxg5 39. fxg5 g6 40. Nf6+ Bxf6 41.
gxf6 Bxh1 42. Rxh1 gxh5 43. Rg1+ Ng6 44. Nh3 Kf8 45. Ng5 Rd4 46. Bxd4 cxd4 47.
Nxe6+ fxe6 48. Qxg6 Qxa2+ 49. Kh1 1-0

[Event "TCh-FRA Top 16 GpB"]
[Site "Chalons en Champagne"]
[Date "2007.02.09"]
[Round "1"]
[White "Salaun, Yann"]
[Black "Bellaiche, Antony"]
[Result "1/2-1/2"]
[WhiteElo "2332"]
[BlackElo "2472"]
[PlyCount "86"]
[EventDate "2007.02.09"]
[EventType "team"]
[EventRounds "11"]
[EventCountry "FRA"]
[Source "Mark Crowther"]
[SourceDate "2007.02.12"]

1. d4 Nf6 2. c4 e6 3. Nc3 Bb4 4. e3 O-O 5. Bd3 c5 6. Nf3 d5 7. O-O Nc6 8. Ne2
cxd4 9. exd4 dxc4 10. Bxc4 Nd5 11. a3 Be7 12. Qd3 b6 13. Bd2 Bb7 14. Rad1 Rc8
15. Rfe1 Bf6 16. Ba2 Nce7 17. Bb1 Ng6 18. Qe4 Qc7 19. Qg4 Be7 20. Ng5 Bxg5 21.
Bxg5 f5 22. Qg3 Qxg3 23. hxg3 Kf7 24. Bd3 h6 25. Bd2 Nge7 26. f3 g5 27. Kf2 Rh8
28. Nc3 Nxc3 29. Bxc3 Bd5 30. Ba6 Rc7 31. Rc1 Rd8 32. Rh1 Kg6 33. Rce1 Ng8 34.
Bd3 Kg7 35. a4 Nf6 36. a5 h5 37. Ra1 Kg6 38. axb6 axb6 39. Ra6 Rb8 40. Re1 Kf7
41. Bd2 Kg6 42. Bb4 Rbb7 43. Bd6 Rc8 1/2-1/2

[Event "TCh-FRA Top 16 GpB"]
[Site "Chalons en Champagne"]
[Date "2007.02.09"]
[Round "1"]
[White "Nicoara, Malina"]
[Black "Wolfangel, Florence"]
[Result "1/2-1/2"]
[WhiteElo "2230"]
[BlackElo "1963"]
[PlyCount "45"]
[EventDate "2007.02.09"]
[EventType "team"]
[EventRounds "11"]
[EventCountry "FRA"]
[Source "Mark Crowther"]
[SourceDate "2007.02.12"]

1. d4 d5 2. c4 e6 3. Nc3 Nf6 4. Bg5 Nbd7 5. e3 Be7 6. cxd5 exd5 7. Bd3 O-O 8.
Qc2 c5 9. Nf3 h6 10. Bf4 a6 11. a4 Qa5 12. O-O c4 13. Bf5 Bb4 14. Nd2 Re8 15.
Rfe1 Nh5 16. Bg3 Nxg3 17. hxg3 Nf6 18. Rec1 Rb8 19. Nf3 Bxc3 20. bxc3 Ne4 21.
Bxe4 Rxe4 22. Nd2 Re7 23. Nf3 1/2-1/2

[Event "TCh-FRA Top 16 GpB"]
[Site "Chalons en Champagne"]
[Date "2007.02.10"]
[Round "2"]
[White "Maze, Sebastien"]
[Black "Tiviakov, Sergei"]
[Result "1/2-1/2"]
[WhiteElo "2506"]
[BlackElo "2667"]
[PlyCount "71"]
[EventDate "2007.02.09"]
[EventType "team"]
[EventRounds "11"]
[EventCountry "FRA"]
[Source "Mark Crowther"]
[SourceDate "2007.02.12"]

1. e4 c5 2. Nf3 Nc6 3. Bb5 d6 4. O-O Bd7 5. Re1 Nf6 6. c3 a6 7. Bf1 Bg4 8. d4
cxd4 9. cxd4 d5 10. e5 Ng8 11. e6 fxe6 12. Nbd2 Qd6 13. Nb3 g6 14. h3 Bxf3 15.
Qxf3 Bh6 16. Qg4 Nf6 17. Qxe6 Qxe6 18. Rxe6 Bg7 19. Re2 Kf7 20. Be3 Rhc8 21. a3
a5 22. Rc2 Ne8 23. Rac1 a4 24. Nd2 Nd6 25. Nf3 Bf6 26. g4 Na5 27. Bg2 Rxc2 28.
Rxc2 Rc8 29. Rxc8 Nxc8 30. Ne5+ Bxe5 31. dxe5 e6 32. Bf1 Ne7 33. Bb5 Nec6 34.
f4 Nc4 35. Bxc4 dxc4 36. Kf2 1/2-1/2

[Event "TCh-FRA Top 16 GpB"]
[Site "Chalons en Champagne"]
[Date "2007.02.10"]
[Round "2"]
[White "Lautier, Joel"]
[Black "Marzolo, Cyril"]
[Result "1-0"]
[WhiteElo "2656"]
[BlackElo "2472"]
[PlyCount "51"]
[EventDate "2007.02.09"]
[EventType "team"]
[EventRounds "11"]
[EventCountry "FRA"]
[Source "Mark Crowther"]
[SourceDate "2007.02.12"]

1. c4 Nf6 2. Nc3 g6 3. e4 d6 4. d4 Bg7 5. f3 O-O 6. Bg5 c5 7. d5 h6 8. Be3 e6
9. Qd2 exd5 10. cxd5 Re8 11. a4 a6 12. Be2 Nh7 13. Bd1 Nd7 14. Nge2 Ne5 15. b3
Qh4+ 16. Ng3 f5 17. O-O Nf7 18. Rc1 Be5 19. f4 Bh8 20. Bf2 Qf6 21. exf5 gxf5
22. Be2 Bd7 23. Bd3 Qg6 24. Qc2 Bxc3 25. Nxf5 Qf6 26. Ng3 1-0

[Event "TCh-FRA Top 16 GpB"]
[Site "Chalons en Champagne"]
[Date "2007.02.10"]
[Round "2"]
[White "Flear, Christine"]
[Black "Bellaiche, Antony"]
[Result "1/2-1/2"]
[WhiteElo "2160"]
[BlackElo "2472"]
[PlyCount "56"]
[EventDate "2007.02.09"]
[EventType "team"]
[EventRounds "11"]
[EventCountry "FRA"]
[Source "Mark Crowther"]
[SourceDate "2007.02.12"]

1. Nf3 Nf6 2. b3 d5 3. Bb2 e6 4. e3 c5 5. Bb5+ Bd7 6. Bxd7+ Nbxd7 7. d3 Be7 8.
c4 O-O 9. O-O a6 10. Nbd2 b5 11. Rc1 Qb8 12. Rc2 a5 13. a4 bxa4 14. bxa4 Qb4
15. Qa1 Nb6 16. Bc3 Qxa4 17. Ra2 Qc6 18. Ne5 Qd6 19. Bxa5 Nfd7 20. Nxd7 Nxd7
21. Bc3 Rxa2 22. Qxa2 Bf6 23. Bxf6 Nxf6 24. Nf3 h6 25. h3 Rb8 26. d4 cxd4 27.
Nxd4 dxc4 28. Qxc4 Qd8 1/2-1/2

[Event "TCh-FRA Top 16 GpB"]
[Site "Chalons en Champagne"]
[Date "2007.02.10"]
[Round "2"]
[White "Nicoara, Malina"]
[Black "Vernhet, Alexia"]
[Result "1-0"]
[WhiteElo "2230"]
[BlackElo "1771"]
[PlyCount "147"]
[EventDate "2007.02.09"]
[EventType "team"]
[EventRounds "11"]
[EventCountry "FRA"]
[Source "Mark Crowther"]
[SourceDate "2007.02.12"]

1. d4 d5 2. c4 Nf6 3. Nc3 e6 4. cxd5 exd5 5. Bg5 Be7 6. e3 c6 7. Bd3 h6 8. Bh4
O-O 9. Qc2 Be6 10. Nge2 Nbd7 11. O-O Re8 12. f3 Nb6 13. Rad1 Qd7 14. Bf2 Rad8
15. Nf4 Bd6 16. Nxe6 Qxe6 17. Bf5 Qe7 18. e4 dxe4 19. fxe4 Bc7 20. e5 Nfd5 21.
Ne4 Nd7 22. a3 c5 23. Bxd7 Qxd7 24. Nxc5 Qg4 25. Rde1 Rc8 26. Qd2 b6 27. Nd3
Bd8 28. h3 Bg5 29. hxg4 Bxd2 30. Re2 Bg5 31. g3 Rc4 32. Kg2 Rec8 33. Kf3 Rc2
34. Rxc2 Rxc2 35. Ke4 Nc7 36. Be3 Re2 37. Nf4 Rxb2 38. Rc1 Ne6 39. d5 Nd8 40.
Rc8 Kf8 41. d6 Ke8 42. Ra8 a5 43. Rb8 b5 44. Bb6 b4 45. axb4 Rxb4+ 46. Kd5 Kd7
47. Nh3 Rb5+ 48. Kc4 Rb4+ 49. Kc3 Ne6 50. Nxg5 Nxg5 51. Rd8+ Kc6 52. Bxa5 Rxg4
53. Rc8+ Kd5 54. d7 Ne6 55. Re8 Kc6 56. Rxe6+ Kxd7 57. Rd6+ Ke7 58. Bd8+ Ke8
59. Rd3 h5 60. Kd2 Re4 61. Bg5 f6 62. exf6 gxf6 63. Bxf6 Kf7 64. Bh4 Kg6 65.
Rd6+ Kg7 66. Kd3 Re1 67. Rd4 Re5 68. Re4 Rd5+ 69. Ke3 Kg6 70. Rd4 Re5+ 71. Kf4
Rf5+ 72. Ke4 Ra5 73. Rd6+ Kg7 74. Rd5 1-0

[Event "TCh-FRA Top 16 GpB"]
[Site "Chalons en Champagne"]
[Date "2007.02.10"]
[Round "2"]
[White "Nisipeanu, Liviu Dieter"]
[Black "Bunzmann, Dimitrij"]
[Result "1-0"]
[WhiteElo "2689"]
[BlackElo "2530"]
[PlyCount "85"]
[EventDate "2007.02.09"]
[EventType "team"]
[EventRounds "11"]
[EventCountry "FRA"]
[Source "Mark Crowther"]
[SourceDate "2007.02.12"]

1. d4 e6 2. Nf3 Nf6 3. c4 c5 4. d5 g6 5. Nc3 exd5 6. Bg5 dxc4 7. Ne4 Be7 8.
Nd6+ Kf8 9. e4 h6 10. Bxf6 Bxf6 11. Bxc4 Qa5+ 12. Kf1 Nc6 13. Nxf7 Qb4 14. Nd6
Kg7 15. Rb1 Rf8 16. a3 Qb6 17. Qd5 Ne7 18. Qd3 Nc6 19. Qd5 Ne7 20. Ne8+ Kh8 21.
Qd2 Kh7 22. Nd6 Bd4 23. e5 Nf5 24. Nxf5 Rxf5 25. Bd3 Rf8 26. Nxd4 cxd4 27. Qb4
Qxb4 28. axb4 a5 29. h4 Kg7 30. Ra1 b6 31. Rh3 d5 32. Rf3 Rxf3 33. gxf3 Bb7 34.
Ke2 axb4 35. Rxa8 Bxa8 36. f4 Kf7 37. Bc2 Bc6 38. Kd3 Ke6 39. Kxd4 Kf7 40. f5
gxf5 41. Bxf5 Ke7 42. f4 Bb7 43. Bg4 1-0

[Event "TCh-FRA Top 16 GpB"]
[Site "Chalons en Champagne"]
[Date "2007.02.10"]
[Round "2"]
[White "Tregubov, Pavel V"]
[Black "Legky, Nikolay A"]
[Result "1/2-1/2"]
[WhiteElo "2613"]
[BlackElo "2461"]
[PlyCount "81"]
[EventDate "2007.02.09"]
[EventType "team"]
[EventRounds "11"]
[EventCountry "FRA"]
[Source "Mark Crowther"]
[SourceDate "2007.02.12"]

1. d4 d5 2. c4 e6 3. Nf3 Nf6 4. Nc3 h6 5. g3 c5 6. cxd5 exd5 7. Bg2 Be7 8. O-O
O-O 9. dxc5 Bxc5 10. Nd4 Nc6 11. Nb3 Bb6 12. Nxd5 Nxd5 13. Qxd5 Bg4 14. a4 a5
15. Bf4 Bxe2 16. Rfe1 Re8 17. Rac1 Nb4 18. Qxb7 Ra7 19. Qb8 Qxb8 20. Bxb8 Rae7
21. Bd6 Nd3 22. Bxe7 Bxf2+ 23. Kh1 Nxe1 24. Bc5 Nd3 25. Bxf2 Nxf2+ 26. Kg1 Nd3
27. Rb1 Re5 28. Nd4 Bg4 29. h3 Bd7 30. b3 Re3 31. g4 h5 32. gxh5 Bxh3 33. Bf3
Ne5 34. Kf2 Rd3 35. Rd1 Rc3 36. Be2 f5 37. Nf3 Nxf3 38. Rd8+ Kh7 39. Bxf3 Rxb3
40. Ra8 Bg4 41. Bxg4 1/2-1/2

[Event "TCh-FRA Top 16 GpB"]
[Site "Chalons en Champagne"]
[Date "2007.02.10"]
[Round "2"]
[White "Giffard, Nicolas"]
[Black "Fressinet, Laurent"]
[Result "0-1"]
[WhiteElo "2379"]
[BlackElo "2646"]
[PlyCount "64"]
[EventDate "2007.02.09"]
[EventType "team"]
[EventRounds "11"]
[EventCountry "FRA"]
[Source "Mark Crowther"]
[SourceDate "2007.02.12"]

1. d4 d5 2. c4 c6 3. Nf3 Nf6 4. e3 Bg4 5. Nbd2 e6 6. Bd3 Nbd7 7. Qc2 Bd6 8. O-O
O-O 9. h3 Bh5 10. b3 Rc8 11. Bb2 c5 12. Rac1 cxd4 13. exd4 Bf4 14. Rce1 dxc4
15. bxc4 Bg6 16. Bxg6 hxg6 17. Ba3 Re8 18. Rb1 Qc7 19. Qb3 b6 20. Rfd1 e5 21.
dxe5 Nxe5 22. Nxe5 Rxe5 23. Nf1 Re4 24. g3 Bh6 25. Bd6 Qxc4 26. Qa3 Re2 27.
Qxa7 Ne4 28. Qd7 Rxf2 29. Re1 Ra8 30. Qb7 Raxa2 31. Rxe4 Rg2+ 32. Kh1 Qxf1+ 0-1

[Event "TCh-FRA Top 16 GpB"]
[Site "Chalons en Champagne"]
[Date "2007.02.10"]
[Round "2"]
[White "Apicella, Manuel"]
[Black "Berthelot, Yannick"]
[Result "1-0"]
[WhiteElo "2534"]
[BlackElo "2341"]
[PlyCount "57"]
[EventDate "2007.02.09"]
[EventType "team"]
[EventRounds "11"]
[EventCountry "FRA"]
[Source "Mark Crowther"]
[SourceDate "2007.02.12"]

1. e4 c5 2. Nf3 Nc6 3. d4 cxd4 4. Nxd4 Nf6 5. Nc3 d6 6. Be2 Nxd4 7. Qxd4 g6 8.
g4 h6 9. Bb5+ Bd7 10. Bxd7+ Qxd7 11. f3 Bg7 12. Be3 Qc6 13. O-O-O Rg8 14. Qd2
Nd7 15. Bd4 Bxd4 16. Qxd4 Qc5 17. Qa4 Qc6 18. Qb3 g5 19. h4 Ne5 20. hxg5 hxg5
21. Rh7 a6 22. Nd5 b5 23. Rdh1 Kd7 24. Rxf7 Nxf7 25. Nf6+ Kc7 26. Qxf7 Rgd8 27.
Qxe7+ Kb6 28. Nd5+ Ka5 29. Qxg5 1-0

[Event "TCh-FRA Top 16 GpB"]
[Site "Chalons en Champagne"]
[Date "2007.02.10"]
[Round "2"]
[White "Karr, Jean Philippe"]
[Black "Pelletier, Yannick"]
[Result "1/2-1/2"]
[WhiteElo "2403"]
[BlackElo "2589"]
[PlyCount "70"]
[EventDate "2007.02.09"]
[EventType "team"]
[EventRounds "11"]
[EventCountry "FRA"]
[Source "Mark Crowther"]
[SourceDate "2007.02.12"]

1. d4 d5 2. c4 c6 3. Nf3 Nf6 4. Nc3 dxc4 5. a4 Bf5 6. e3 e6 7. Bxc4 Bb4 8. O-O
Nbd7 9. Qe2 Bg6 10. e4 O-O 11. Bd3 Bh5 12. e5 Nd5 13. Ne4 Be7 14. Ng3 Bg6 15.
Bxg6 fxg6 16. Qe4 c5 17. Qg4 Qb6 18. a5 Qa6 19. Ng5 Bxg5 20. Bxg5 cxd4 21. Qxd4
Rfc8 22. Rfc1 Rxc1+ 23. Rxc1 Qxa5 24. Ne4 Qb6 25. Be3 Qxd4 26. Bxd4 b6 27. Rc6
Nf8 28. Nd6 Rd8 29. Rc8 Rd7 30. Ra8 Ne7 31. Bc3 Nd5 32. Bd4 Ne7 33. Bc3 g5 34.
g3 Nc6 35. Rc8 Ne7 1/2-1/2

[Event "TCh-FRA Top 16 GpB"]
[Site "Chalons en Champagne"]
[Date "2007.02.10"]
[Round "2"]
[White "Edouard, Romain"]
[Black "Borne, Niels"]
[Result "1-0"]
[WhiteElo "2446"]
[BlackElo "2346"]
[PlyCount "39"]
[EventDate "2007.02.09"]
[EventType "team"]
[EventRounds "11"]
[EventCountry "FRA"]
[Source "Mark Crowther"]
[SourceDate "2007.02.12"]

1. e4 c6 2. d4 d5 3. e5 Bf5 4. Nf3 e6 5. Be2 Ne7 6. O-O h6 7. b3 Nd7 8. c4 Ng6
9. Be3 dxc4 10. bxc4 c5 11. Qb3 Qb6 12. Qc3 cxd4 13. Nxd4 Bb4 14. Qc1 Nf4 15.
Bf3 Nxe5 16. Nxf5 Nxf3+ 17. Kh1 Qa5 18. Nxg7+ Ke7 19. Bxf4 Nd4 20. Qb2 1-0

[Event "TCh-FRA Top 16 GpB"]
[Site "Chalons en Champagne"]
[Date "2007.02.10"]
[Round "2"]
[White "Wolfangel, Florence"]
[Black "Milliet, Sophie"]
[Result "0-1"]
[WhiteElo "1963"]
[BlackElo "2393"]
[PlyCount "52"]
[EventDate "2007.02.09"]
[EventType "team"]
[EventRounds "11"]
[EventCountry "FRA"]
[Source "Mark Crowther"]
[SourceDate "2007.02.12"]

1. d4 d5 2. c4 c6 3. Nc3 Nf6 4. Nf3 a6 5. cxd5 cxd5 6. e3 Nc6 7. a3 Bg4 8. Bd3
e6 9. Bd2 Bd6 10. Rc1 e5 11. dxe5 Nxe5 12. Be2 Bxf3 13. gxf3 O-O 14. Qb3 d4 15.
exd4 Nc6 16. Be3 Qe7 17. Nd5 Qe6 18. Nxf6+ Qxf6 19. Rd1 b5 20. Qd5 h6 21. Bd3
Ne7 22. Qe4 Rfe8 23. Kf1 Kf8 24. Rc1 Rad8 25. a4 bxa4 26. Bxa6 Nf5 0-1